000 00464pab a2200169 454500
008 180718b2006 xxu||||| |||| 00| 0 eng d
100 _aCombes, Jean-Louis
245 _aHow does trade openness influence budget deficits in developing countries?
260 _c2006
300 _ap.1401-416.
362 _aNov
650 _aDeficit financing
650 _aBudget
700 _aSedik, Tahsin Saadi
773 _aJournal of Development Studies
909 _a72310
999 _c72310
_d72310